• 首页
  • 本馆介绍
  • 公告通知
  • 最新文献
  • 馆藏检索
  • 电子资源
  • 读者导购
  • 参考咨询
  • 我的图书馆
  • 登录
  • 详细信息显示
  • 放入我的书架
  • 预约/预借图书
  • 作者相关作品
  • 分类相关作品
  • 丛书相关作品
  • 出版社相关作品

书目信息

  • 表格格式
  • 工作单格式
  • 卡片格式
题名:
中国现代柑橘技术
    
 
作者: 沈兆敏 , 柴寿昌 主编
分册:  
出版信息: 北京   金盾出版社  2008
页数: 17,560页
开本: 21cm
丛书名:
单 册:
中图分类: S666
科图分类:
主题词: 柑桔类果树--栽培--技术教育--教材 , 柑桔类果树
电子资源:
ISBN: 978-7-5082-5254-4
000 00864nam0 2200253 45
001 1050856672
005 20100420093924.17
010    @a978-7-5082-5254-4@dCNY32.00
100    @a20100412d2008 em y0chiy50 ea
101 0  @achi
102    @aCN@b110000
105    @aa z 000yy
106    @ar
200 1  @a中国现代柑橘技术@AZhong Guo Xian Dai Gan Ju Ji Shu@f沈兆敏,柴寿昌主编@FShen Zhao Min, Chai Shou Chang Zhu Bian
210    @a北京@c金盾出版社@d2008
215    @a17,560页@c彩图@d21cm
330    @a本书内容包括:现代柑橘产销信息、优新品种、育苗技术、规划建园技术、土肥水管理技术、枝叶花果管理技术等。
606 0  @a柑桔类果树@x栽培@x技术教育@j教材
606 0  @a柑桔类果树
690    @aS666@v4
701  0 @a沈兆敏@AShen Zhao Min@4主编
701  0 @a柴寿昌@AChai Shou Chang@4主编
801  0 @aCN@bTANGWEI@c20100420
905    @b0591142-46@dS666@e204@f5
    
    中国现代柑橘技术/沈兆敏,柴寿昌主编.-北京:金盾出版社,2008
    17,560页:彩图;21cm
    
    
    ISBN 978-7-5082-5254-4:CNY32.00
    本书内容包括:现代柑橘产销信息、优新品种、育苗技术、规划建园技术、土肥水管理技术、枝叶花果管理技术等。
●
相关链接 在E读中查询图书 在五车中查询图书 在当当中查询图书 在豆瓣中查询图书


正题名:中国现代柑橘技术     索取号:S666/204         预约/预借

序号 登录号 条形码 馆藏地/架位号 状态 备注
1 0591142   205911423   第二样本阅览室/ [索取号:S666/204] 在馆    
2 0591143   205911432   第三借阅区/ [索取号:S666/204] 在馆    
3 0591144   205911441   密集书库-生命科学系/ [索取号:S666/204] 在馆    
4 0591145   205911450   第三借阅区/ [索取号:S666/204] 在馆    
5 0591146   205911469   第三借阅区/ [索取号:S666/204] 在馆    
唐山师范学院图书馆 欢迎您!
大连网信软件有限公司© 版权所有